Riconosci il Pokémon - Quiz n°193 - Statistics

Statistiche generali
  • Questo quiz è stato fatto 6 volte
  • Il punteggio medio è 8 su 10
Statistiche sulle risposte
Indizio Risposta % Corretto
Tipo Normale
100%
Generazione Settima
100%
Peso 100,5 kg
83%
Stadio evoluzione Prima evoluzione
83%
Sesso Sconosciuto
83%
Altezza 2,3 m
67%
Tasso di cattura 3 (1.6%)
67%
Tasso di allevamento Lento
67%
Pokémon Silvally
67%
Abilità Sistema Primevo
67%
Nessun quiz corrispondente trovato
Distribuzione punteggi
Percentuale di utenti per punteggio
Percentile per numero di risposta
I tuoi punteggi nel tempo
Non hai fatto questo quiz